Responses for Show #5021 - Monday, June 12, 2006

Craig Westphal game 2.

Contestants

[<< previous game]

Bill Weylock, a market researcher originally from Fort Lauderdale, Florida

Matt Wauben, a systems engineer from Hanahan, South Carolina

Craig Westphal, a paramedic from Tucson, Arizona (whose 1-day cash winnings total $26,600)

[next game >>]

Jeopardy! Round responses

CITY OF THE DAY: PHOENIX
NEWS OF 2005
MUSICALLY INCLINED
BROWNIE POINTS
BRAND NEW
YOU'RE SUCH A TOOL!
    $200 1
Phoenicians

Craig
    $200 7
(Tony) Blair

Bill
    $200 26
"American Pie"

Bill
    $200 3
troops

Craig
    $200 12
a Prius

Craig
    $200 17
a punch

Bill
    $400 2
the Colorado

Matt
    $400 8
(Alex: And it was the [*] Space Shuttle.)

Discovery

Triple Stumper
    $400 27
(Bill: What is "Auld Lang Syne"?)

"Happy Birthday"

Bill
Triple Stumper
    $400 22
Hinduism

Craig
    $400 13
Tupperware

Craig
    $400 18
(Matt: What are the Lakers?)
(Bill: What are the Pistons?)
...
(Alex: Remember fellas, we're going for tools, here.)

the Clippers

CraigMattBill
    $600 4
(Matt: What is a camel?)

Camelback Mountain

CraigMatt
    $600 9
the Astrodome

Craig
    $600 28
"A Boy Named Sue"

Craig
    $1,000 23
(Craig: What is Pakistan?)
(Alex: No, picked the wrong one. It was [*].)

Afghanistan

Craig
    $600 14
Dutch Boy

Matt
    $600 19
(Craig: What is an accordion file?)
...
(Alex: You're wrong, Craig, because you added "accordion". [*] is a tool. I've never seen an accordion [*]. And I don't have one in my garage.)

file

Craig
Triple Stumper
    $800 5
Wrigley

Bill
    $800 10
Delta (or Northwest)

Matt
    $800 29
(Craig: What is...)
...
(Alex: The original song was "Brandy". He changed it to [*].)

"Mandy"

Craig
Triple Stumper
    $800 24
Debbie Reynolds

Craig
    $800 15
Bloomberg

Bill
    $800 20
poker

Matt
    $1000 6
1912

Craig
    $1000 11
(John) Bolton

Craig
    $1000 30
Sonny & Cher

Craig
    $1000 25
Juliette Gordon Low

Triple Stumper
    $1000 16
Sony

Craig
    $1000 21
a chopper

Craig

Scores at the first commercial break (after clue 16):

Craig Matt Bill
$5,200 $1,200 $1,800

Scores at the end of the Jeopardy! Round:

Craig Matt Bill
$7,000 $1,600 $1,400

Double Jeopardy! Round responses

DRAMATISTS
WOMEN DIRECTING WOMEN
KNOW YOUR EARTH
"BLUE" PLATE SPECIAL
A PARADE OF THE WORST DICTATORS
(Alex: This is a list from Parade magazine.)
11-LETTER WORDS
    $400 26
Oscar Wilde

Craig
    $400 21
Jodie Foster

Craig
    $400 16
tertiary

Matt
    $400 11
the blueberry

Craig
    $400 1
Myanmar (or Burma)

Bill
    $400 6
greasepaint

Bill
    $800 27
Christopher Marlowe

Matt
    $800 22
Bend It Like Beckham

Craig
    $800 17
the mantle

Bill
    $800 12
Blue Bonnet

Bill
    $800 2
China

Craig
    $800 7
bodybuilder

Bill
    $1200 28
Shaw

Bill
    $1200 23
Vanity Fair

Bill
    $1200 18
iron

Matt
    $1200 13
(Bill: What is a blue stone crab?)

a blue crab

MattBill
    $1200 3
Kim Jong-il

Bill
    $2,000 8
abomination

Bill
    $1600 29
(Ben) Jonson

Bill
    $1600 24
Halle Berry

Craig
    $2,000 19
(Matt: What is magmism?)
(Alex: Oh, sorry, you left out a syllable. It's [*], not magmism.)

magmatism

Matt
    $1600 14
blue cheese

Bill
    $1600 4
Zimbabwe

Bill
    $1600 9
foreclosure

Craig
    $2000 30
William Congreve

Triple Stumper
    $2000 25
(Alex: And that TV series was the very popular [*].)

The West Wing

Triple Stumper
    $2000 20
Precambrian

Bill
    $2000 15
Blue Point oysters

Triple Stumper
    $2000 5
the Sudan

Matt
    $2000 10
(Bill: What is carapace?)

exoskeleton

MattBill

Scores at the end of the Double Jeopardy! Round:

Craig Matt Bill
$13,000 $7,200 $13,800

[wagering suggestions for these scores]

Final Jeopardy! Round responses

U.S. NEWSPAPERS
(Alex: Bill, we're not going to start with you, but I get the feeling you're staring at that board as if you've had second thoughts.)
...
(Alex: [After Bill's response is revealed] I thought somebody might go to Boston. If you didn't risk much...)
MattWhat is the New Yorker?
$1,000
CraigWhat is the Hartford Courant?
$1,401
BillWhat is the Boston Globe?
$12,201
the Hartford Courant

Final scores:

Craig Matt Bill
$14,401 $6,200 $1,599
2-day champion: $41,001 2nd place: $2,000 3rd place: $1,000

Game dynamics:

Coryat scores:

Craig Matt Bill
$14,000 $9,200 $13,000
22 R,
3 W
(including 1 DD)
10 R,
3 W
(including 1 DD)
18 R
(including 1 DD),
4 W

Combined Coryat: $36,200

[game clues] [game scores] [suggest correction]

Game tape date: Unknown
The J! Archive is created by fans, for fans. Scraping, republication, monetization, and malicious use prohibited; this site may use cookies and collect identifying information. See terms. The Jeopardy! game show and all elements thereof, including but not limited to copyright and trademark thereto, are the property of Jeopardy Productions, Inc. and are protected under law. This website is not affiliated with, sponsored by, or operated by Jeopardy Productions, Inc. Join the discussion at JBoard.tv.